Artificial intelligence in engineering: design /

Salvato in:
Dettagli Bibliografici
Altri autori: Gero, John S (Compilatore)
Natura: Libro
Lingua:inglese
Pubblicazione: Amsterdam : Elsevier, 1988
Edizione:1.vyd.
Soggetti:
Tags: Aggiungi Tag
Nessun Tag, puoi essere il primo ad aggiungerne!!

MARC

LEADER 00000nam a22000003a 4500
001 stu5251
005 20150617225811.5
008 940308s1988----ne------------------eng-d
020 |a 0-444-70469-8 
040 |a STU  |b slo 
041 0 |a eng 
044 |a ne 
080 |a 681.322.06 
080 |a 519.71  |7 stu_us_auth*stu8254 
080 |a 519.685  |7 stu_us_auth*stu8263 
080 |a 62.001.63 
100 1 |a Gero, John S  |4 com 
245 1 |a Artificial intelligence in engineering: design /  |c Edit.: Gero,J.S 
250 |a 1.vyd. 
260 |a Amsterdam :  |b Elsevier,  |c 1988 
300 |a 465 s 
650 7 |a umelá inteligencia  |2 stusub 
650 7 |a automatizácia projektovania  |2 stusub 
650 7 |a strojárstvo  |2 stusub 
650 7 |a CAD  |2 stusub 
650 7 |a CASE  |2 stusub 
996 |c I*13UI4832  |l II680  |s A  |a 24  |w stu5251_0001